00445nam a2200145Ia 4500008004100000020001500041041000800056082001800064100004300082245010700125250000600232260003500238300001100273650001500284210716s2000 xx 000 0 und d a0130100196 aeng a658.4092 CHAE aChapman, Elwood N;O'Neil, Sharon Lund. aLeadership: essential steps every manager needs to know.bEssential steps every manager needs to know. a3 aNew DelhibPrentice Hallc2000 axi,180 aLeadership